000 00415nam a22001697a 4500
005 20160630142207.0
008 160630b xxu||||| |||| 00| 0 eng d
020 _a978-81-219-0520-6
041 _aeng
082 _b19889
100 _aKhurmi R S
_944
245 _aTheory of Structures
260 _aNew Delhi
_bSultan Chand & Sons,
_c2015
300 _a692
650 _aDiploma Engineering
_9817
942 _cBK
999 _c4942
_d4940